[Event "Moscow Tal Memorial 7th"]
[Site "Moscow"]
[Date "2012.06.10"]
[Round "3"]
[White "Carlsen, Magnus"]
[Black "Caruana, Fabiano"]
[Result "1/2-1/2"]
[WhiteElo "2835"]
[BlackElo "2770"]
[Annotator "Krasenkow,M"]
[PlyCount "59"]
[EventDate "2012.06.08"]
[EventType "tourn"]
[EventRounds "9"]
[EventCountry "RUS"]
[EventCategory "22"]
[SourceTitle "CBM 149"]
[Source "ChessBase"]
[SourceDate "2012.07.17"]

1. d4 Nf6 2. c4 g6 3. Nc3 d5 4. cxd5 Nxd5 5. e4 Nxc3 6. bxc3 Bg7 7. Qa4+ Nd7 8.
Nf3 O-O 9. Be3 (9. Bg5 {was the original idea of the Janjghava system but it
doesn't force} h6 {. Therefore White prefers a simpler way of development.})
9... c5 10. Rc1 (10. Rd1 Qc7 11. Bd3 b6 12. O-O Bb7 13. Rfe1 a6 14. Qa3 e6 15.
Qb2 b5 16. a4 Nf6 17. Bg5 bxa4 18. Qa3 h6 19. Bd2 cxd4 20. cxd4 Bc6 21. Rc1 Qb7
22. Rb1 Bb5 23. Ne5 Rfd8 {1/2 Schandorff,L (2534)-Khalifman,A (2622)/Fuegen
2006/CBM 115}) (10. Be2 Nf6 (10... Qc7 $5) (10... e5 $5) 11. Bd3 (11. Nd2 Ng4
12. Bxg4 Bxg4 13. f3 Bd7 14. Qb3 cxd4 15. cxd4 b5 $15 {1-0 Korobov,A (2511)
-Obodchuk,A (2438)/Moscow 2002/CBM 088/(Krasenkow) (39)}) 11... a6 12. O-O Qc7
$11 {[%cal Yb7b5]}) 10... Nb6 (10... Nf6 11. Bd3 Ng4 12. Bg5 h6 13. Bh4 cxd4
14. cxd4 Ne5 15. Nxe5 Bxe5 16. d5 Qd6 17. Bg3 Bxg3 18. hxg3 Bd7 19. Qd4 $14 {
1-0 Tunik,G (2435)-Gutman,L (2535)/Moscow 1989/TD (45)}) (10... b6 11. Be2 Bb7
12. e5 Qc7 13. h4 Bd5 14. h5 c4 15. Qc2 Qc6 16. Qd2 f6 17. hxg6 hxg6 18. Bh6
$36 {0-1 Gurevich,M (2644)-L'Ami,E (2516)/Belgium 2005/EXT 2006 (44)}) (10...
e6 {is unnecessary but also possible:} 11. Be2 a6 12. Qa3 b6 13. Qb3 cxd4 14.
cxd4 Bb7 15. Bg5 Bf6 16. Bh6 Bg7 17. Bg5 Qb8 18. Qe3 Rc8 19. O-O Qd6 $11 {
1-0 Lenic,L (2637)-Gabrielian,A (2554)/Plovdiv BUL 2012/The Week in Chess 907 
(40)}) (10... a6 $5 11. Qa3 (11. Be2 b5 $1) 11... b6 12. e5 Bb7 13. h4 b5 14.
h5 e6 15. hxg6 hxg6 16. Ng5 Rc8 17. f4 cxd4 18. cxd4 Rxc1+ 19. Bxc1 {1-0
Twardon,M (2355)-Jasnikowski,Z (2460)/Katowice 1993/EXT 1998 (21)} Re8 $13) (
10... cxd4 11. cxd4 Nb6 12. Qa5 (12. Qb4 Qd6 13. Qxd6 exd6 14. Bd3 f5 15. O-O
fxe4 16. Bxe4 d5 $11 {1/2 Karner,H (2365)-Rytshagov,M (2425)/Tallinn 1989/EXT
1997 (26)}) 12... f5 13. e5 Be6 14. Be2 Qd5 15. Qb4 Qxa2 16. Qxe7 Rfc8 $13 {
0-1 Pisulinski,J (2400)-Malisauskas,V (2500)/Warsaw 1989/EXT 1997 (23)}) (10...
Qc7 {The main move, quite sufficient for equality.} 11. Be2 (11. Bd3 a6 (11...
b6 12. e5 Bb7 13. h4 Rad8 14. Bb1 Bc6 15. Qc2 {1-0 Twardon,M (2340)-Murawski,G
(2260)/Lubniewice 1994/CBM 045 ext (48)} b5 16. h5 Nb6 $13) 12. Qa3 c4 13. Bb1
e5 14. O-O b5 15. Nxe5 Nxe5 16. dxe5 Bxe5 17. f4 Bd6 18. Qb2 Bb7 19. Qf2 Rae8
20. e5 Ba3 21. Rce1 f6 $132 {1-0 Comas Fabrego,L (2435)-Fernandez Garcia,J 
(2445)/Spain 1993/TD (32)}) 11... a6 (11... e5 12. O-O b6 13. Rfd1 Bb7 14. d5
a6 15. Qb3 Nf6 16. Nd2 Bc8 17. a4 $14 {0-1 Ortiz Suarez,I (2556)
-Nepomniachtchi,I (2711)/Khanty-Mansiysk 2011/CBM 145 (59)}) 12. O-O b5 13. Qa3
Bb7 14. d5 Rac8 15. c4 b4 16. Qa4 Nb6 17. Qc2 a5 18. Qd2 e5 19. Ne1 Qd6 20. a3
f5 21. f3 Nd7 $13 {1-0 Litinskaya,M (2370)-Veroci,Z (2320)/Subotica 1991/TD 
(34)}) 11. Qd1 Bg4 (11... Qc7 {is less logical now:} 12. Bd3 Rd8 13. h3 e5 14.
O-O Be6 15. Qe2 $14 {[%csl Rb6] 1/2 Hughes,T (2161)-Dragicevic,D (2302)/
Gaziantep 2008/CBM 125 Extra (24)}) 12. Be2 Bxf3 13. gxf3 cxd4 {The simplest
course. Black opens up the c-file and trades all the rooks along it, reaching
full equality.} 14. cxd4 Qd7 15. O-O Rac8 16. Qd2 Rfd8 17. Rfd1 Rxc1 18. Qxc1
Rc8 19. Qa3 Na4 20. Bf1 b5 21. Rc1 Rxc1 22. Qxc1 Bxd4 23. Bxb5 Bxe3 24. Bxd7
Bxc1 25. Bxa4 Bf4 26. h3 Be5 27. Kg2 Bf4 28. Kg1 Be5 29. Kg2 Bf4 30. Kg1
1/2-1/2

[Event "Moscow Tal Memorial 7th"]
[Site "Moscow"]
[Date "2012.06.09"]
[Round "2"]
[White "Morozevich, Alexander"]
[Black "Carlsen, Magnus"]
[Result "1/2-1/2"]
[WhiteElo "2769"]
[BlackElo "2835"]
[Annotator "Krasenkow,M"]
[PlyCount "117"]
[EventDate "2012.06.08"]
[EventType "tourn"]
[EventRounds "9"]
[EventCountry "RUS"]
[EventCategory "22"]
[SourceTitle "CBM 149"]
[Source "ChessBase"]
[SourceDate "2012.07.17"]

1. d4 Nf6 2. c4 e6 3. Nc3 Bb4 4. Qc2 d5 5. cxd5 exd5 6. Bg5 h6 7. Bh4 c5 8.
dxc5 g5 9. Bg3 Ne4 10. e3 Qa5 11. Rc1 {A rare continuation, which recently
became popular.} (11. Nge2 {or}) (11. Be5 {is usually played.}) 11... Nd7 $6 {
This leads to an endgame, clearly better for White. More appropriate
alternatives:} (11... Bf5 12. Bxb8 $1 (12. Bd3 Nd7 13. f3 Nxc3 14. bxc3 Bxd3
15. Qxd3 Bxc5 $13) 12... Rxb8 13. Bd3 O-O 14. Nge2 Rfc8 15. O-O Rxc5 16. f3
Nxc3 17. bxc3 Bxd3 18. Qxd3 Ba3 19. Rb1 Qa4 20. Nd4 Rcc8 21. f4 $1 $40 {
1-0 Gupta,A (2644)-Yu Yangyi (2626)/Zaozhuang CHN 2012/The Week in Chess 915 
(73)}) (11... Nc6 $5 12. Bd3 $1 Bxc3+ (12... Nxg3 13. hxg3 d4 14. exd4 Nxd4 15.
Qd2 Be6 16. a3 Bxc5 17. b4 Qxa3 18. bxc5 O-O-O 19. Nb1 Qa4 $44 {0-1 Tozer,R 
(2380)-Lalic,S (2405)/London 1997/CBM 058 ext (33)}) 13. bxc3 Nxc5 14. Nf3 b6
15. h4 g4 16. Ne5 Nxe5 17. Bxe5 Nxd3+ 18. Qxd3 Ba6 19. Qf5 Rg8 $13 {1/2
Lomineishvili,M (2437)-Zaiatz,E (2364)/St Petersburg 2009/CBM 129 Extra (48)})
({There is also nothing wrong with} 11... Qxa2 {, e.g.} 12. Bb5+ Bd7 13. Bxd7+
Nxd7 14. Nge2 Nxc3 15. Nxc3 Qc4 16. Rd1 (16. h4 O-O-O) 16... Nxc5 17. f3 Bxc3+
18. bxc3 Ne6 19. Kf2 Rc8 20. Be5 Rg8 $13 {1/2 Finegold,B (2563)-Perelshteyn,E 
(2522)/Chicago 2006/EXT 2007 (46)}) 12. Nge2 Ndxc5 (12... Qxa2 13. Kd1 {
1/2 Priborsky,J (2344)-Gordon,S (2508)/Liverpool 2008/CBM 126 Extra} Nxc3+ 14.
Nxc3 Bxc3 15. Qxc3 O-O 16. h4 $16) 13. a3 Bxc3+ 14. Nxc3 Nxc3 15. Qxc3 Qxc3+
16. Rxc3 Ne4 17. Rc7 $16 {[%csl Gc7,Rd5]} Nxg3 (17... O-O 18. Be2 $16 (18. Be5
$143 f6 19. Bd4 Rf7)) 18. hxg3 Rb8 19. Bb5+ Kf8 20. Kd2 (20. f4 $5 {may be
more energetic.}) 20... Kg7 21. Rhc1 Rd8 $6 {This move is rather senseless.} (
21... Be6 $142 {[%cal Yg7f6,Yf6e5,Ye5d6]} 22. Re7 Kf6 23. Rcc7 a6 24. Be2 b5 {
Of course, Black's position remains very bad.}) 22. Re7 Kf6 23. Rcc7 Rf8 24. b4
$6 {There was no need to move queenside pawns at the moment.} (24. Be2 $142 $1
{[%cal Ye2f3,Yf3d5,Re2h5]} g4 25. Bd1 {winning the d5-pawn.}) 24... a6 25. Bd3
a5 26. bxa5 ({Why not} 26. b5 {? There was no reason to break the well-known
rule that pawn exchanges are favourable for the defender.}) 26... Ra8 27. Bb5
Rxa5 28. a4 Ra8 29. Kc3 h5 $1 {Trying to create at least some counterplay.} 30.
Kb4 h4 31. Re8 $2 {A strange decision letting Black's pieces out.} (31. Kc5
hxg3 32. fxg3 $16 {although Black now obtains some counterplay by means of} Be6
33. Rxb7 Ke5) 31... Rxe8 32. Bxe8 Be6 33. Bb5 d4 $5 (33... hxg3 34. fxg3 Rb8 {
[%cal Yf6f5,Yf5e4,Yf5g4] was possible, too.}) 34. gxh4 gxh4 35. exd4 Bd5 36. f3
Rg8 {Black's position is straightening up like a spring.} 37. Rc2 (37. Bf1 $142
{The rook should remain active. However, White can hardly convert his extra
pawn in that case, too.}) 37... Ke7 38. a5 Kd6 39. Bc4 Bxc4 40. Rxc4 $2 (40.
Kxc4 Rg5 $1 {must lead to a draw but White has nothing better in any case} ({
GM A.Morozevich fancied under time pressure that the pawn ending after} 40...
Rc8+ $6 41. Kd3 Rxc2 $6 42. Kxc2 Kc6 {was dangerous for him due to Black's
outside passed b-pawn; that was not the case; on the contrary,} 43. Kd3 Kb5 44.
Ke4 Kxa5 45. Kd5 $1 {gave him winning chances})) 40... Rxg2 41. Rc5 h3 42. Rh5
h2 {[%csl Gh2] Black is simply better in this rook endgame; fortunately for
White, the limited number of pawns enables him to hold his ground.} 43. Kc4
Rc2+ 44. Kd3 Ra2 45. Ke4 f5+ 46. Kf4 Kd5 47. Rxf5+ Kxd4 48. Rh5 Rg2 49. Rh7 Kd3
50. Ke5 Ke2 51. f4 Kf1 (51... Kf3 $144) 52. f5 Ra2 53. f6 Rxa5+ 54. Ke6 Ra6+
55. Ke7 Rxf6 56. Kxf6 Kg1 57. Ke5 h1=Q 58. Rxh1+ Kxh1 59. Kd4 1/2-1/2

[Event "Moscow Tal Memorial 7th"]
[Site "Moscow"]
[Date "2012.06.08"]
[Round "1"]
[White "Carlsen, Magnus"]
[Black "Kramnik, Vladimir"]
[Result "1/2-1/2"]
[WhiteElo "2835"]
[BlackElo "2801"]
[Annotator "Marin,M"]
[PlyCount "46"]
[EventDate "2012.06.08"]
[EventType "tourn"]
[EventRounds "9"]
[EventCountry "RUS"]
[EventCategory "22"]
[SourceTitle "CBM 149"]
[Source "ChessBase"]
[SourceDate "2012.07.17"]

1. d4 Nf6 2. c4 e6 3. Nc3 Bb4 4. Qc2 O-O 5. a3 Bxc3+ 6. Qxc3 d5 {The newest
trend in the 4.Qc2 variation.} 7. e3 {The practice of the last years has shown
that White risks falling behind in development if he spends a tempo on Bg5.
The game move saves an important tempo, but faces White with the risk of
remaining with a passive dark-squared bishop, especially after the exchange of
the light-squared bishops.} (7. Bg5 dxc4 8. Qxc4 b6 9. Rd1 Ba6 10. Qa4 Bb7 (
10... Qd7 {Nepomniachtchi,I (2711)-Amin,B (2609)/Ningbo 2011/CBM 144/(Marin,M)
(1-0, 46)}) 11. f3 Nbd7 {Dreev,A (2697)-L'Ami,E (2623)/Aix-les-Bains 2011/CBM
142/(Marin,M) (1/2, 43)}) (7. Nf3 dxc4 8. Qxc4 b6 {Golod,V (2590)-Almasi,Z 
(2720)/Rijeka 2010/CBM 136/(Marin,M) (1/2, 18)}) 7... b6 8. cxd5 {White
decides to play against the hanging pawns. His slight delay in development
makes this approach rather risky.} (8. Nf3 Ba6 (8... Bb7 {Vitiugov,N (2694)
-Karjakin,S (2723)/Khanty Mansiysk 2009/CBM 134/(Marin) (0-1, 47)}) 9. b4 {
Grachev,B (2652)-Bartel,M (2618)/Khanty Mansiysk 2009/CBM 134/(Marin) (1/2, 21)
}) 8... exd5 ({The dynamic} 8... Qxd5 {is also playable:} 9. f3 (9. Be2 c5 10.
Bf3 Ne4 11. Qc2 f5 12. Ne2 cxd4 13. exd4 Nc6 14. Be3 Ba6 $132 {Narciso Dublan,
M (2551)-Fedorchuk,S (2650)/Salou 2011/CBM 142 Extra (1/2, 36)}) 9... Ba6 (9...
Rd8 $5 {would prevent or at least delay e3-e4.}) 10. Bxa6 Nxa6 11. e4 Qb7 12.
Bg5 Nd7 13. Ne2 $14 {Michiels,B (2501)-Winants,L (2540)/Belgium 2012 (1/2, 60)}
) ({A previous game between the same opponents went:} 8... Nxd5 9. Qc2 Ba6 10.
Bxa6 Nxa6 11. e4 Ne7 12. Bg5 h6 13. Bxe7 Qxe7 14. Qc6 e5 15. Qb5 exd4 16. Qxa6
Qxe4+ 17. Kf1 Rfe8 $44 {Carlsen,M (2823)-Kramnik,V (2791)/Moscow 2011/CBM 144 
(1/2, 35)}) 9. Bd3 $146 {White takes measures against the occupation of the
e4-square.} (9. Nf3 Ne4 10. Qc2 Bf5 $132 {Vasilevich,T (2399)-Galojan,L (2373)/
Plovdiv 2010/CBM 138 Extra (1/2, 36)}) 9... Ba6 $1 {As a general rule, it is
the side playing against the hanging pawns who is interested in exchanging
these bishops. Here, we have enough elements to justify Black's last move.
Strategically, it is always a good idea to spoil the enemy's bishop pair.
Dynamically, the white bishop has moved already, which transforms the next
move into a loss of time.} (9... Ne4 10. Qc2 Bf5 $6 11. Ne2 $14) 10. Bxa6 Nxa6
11. Qd3 (11. Nf3 c5 $36) 11... Qc8 12. Ne2 ({With such poor development, White
cannot afford to play} 12. b4 c5 {. General exchanges on c5 would leave the
light squares desperately weak.}) 12... c5 13. b3 {Taking measures against the
threatened ...c5-c4.} cxd4 $5 {This seems to be the best moment to release the
tension.} ({After just a few neutral moves, such as} 13... Qb7 14. O-O Rac8 15.
Bb2 {Black would face some small problems already.}) 14. Qxd4 $2 {Too
ambitious. White wants to play against the Isolani, but underestimates the
significance of his delay in development.} (14. Nxd4 $2 {is almost as bad:} Nc5
15. Qb5 (15. Qe2 Nxb3 16. Nxb3 Qc3+ $17) (15. Qb1 Qa6) (15. Qc2 Qa6) 15... a6
16. Qxb6 Rb8 17. Qc6 Nxb3 18. Qxc8 Rfxc8 $32) (14. exd4 $11 {would have led to
plain equality.}) 14... Nc5 {White has problems defending the b3- and
d3-squares. Castling becomes a remote dream.} 15. Qd1 (15. Rb1 Qf5 $36) 15...
Qa6 16. Nf4 (16. O-O Nxb3 $17) 16... d4 {Strong enough, but maybe a bit
premature.} (16... g5 $6 17. Bb2 $132) ({Black could have prepared the central
break with:} 16... Rad8 $5 17. b4 (17. Bb2 d4 $1 18. Bxd4 Rxd4 19. Qxd4 Nxb3
20. Qb2 Nxa1 21. Qxa1 Qa5+ 22. Ke2 Qb5+ $40 {[%cal Gf8d8]}) 17... g5 18. bxc5 (
18. Bb2 d4) 18... gxf4 $36) 17. b4 {The only chance to stay in the game.} (17.
exd4 $2 Rfe8+ 18. Be3 g5 19. Ne2 Nd3+ 20. Kf1 Nd5 $40) 17... dxe3 ({The
unexpected resource} 17... Nd5 $5 {would have offered better chances for
retaining an attack:} 18. Nxd5 (18. bxc5 Nxf4 19. exf4 Rfe8+ 20. Kd2 bxc5 $19)
18... Nd3+ 19. Kd2 Nxf2 20. Qf1 Ne4+ 21. Ke1 d3 $40) 18. bxc5 Qa5+ 19. Kf1 Rad8
20. Qc2 Qb5+ {Resigning himself to a draw by perpetual.} 21. Ke1 (21. Kg1 $2
Qxc5 $19) 21... Qa5+ 22. Kf1 Qb5+ 23. Ke1 Qa5+ 1/2-1/2

[Event "Tata Steel-A 74th"]
[Site "Wijk aan Zee"]
[Date "2012.01.25"]
[Round "10"]
[White "Nakamura, Hikaru"]
[Black "Carlsen, Magnus"]
[Result "1/2-1/2"]
[WhiteElo "2759"]
[BlackElo "2835"]
[Annotator "Marin,M"]
[PlyCount "41"]
[EventDate "2012.01.14"]
[EventType "tourn"]
[EventRounds "13"]
[EventCountry "NED"]
[EventCategory "21"]
[SourceTitle "CBM 147"]
[Source "ChessBase"]
[SourceDate "2012.03.16"]

1. Nf3 d5 2. d4 Nf6 3. c4 c6 4. Nc3 a6 5. a4 e6 6. Bf4 {By far not the main
line. There are three more popular continuations:} (6. Bg5 {Bu Xiangzhi (2714)
-Movsesian,S (2732)/Nanjing 2008/CBM 128/(Rogozenco) (1-0, 62)}) (6. e3 {
Inkiov,V (2495)-Gurevich,M (2634)/Utrecht 2005/CBM 106 ext/(Gutman) (1-0, 32)})
(6. g3 dxc4 (6... Bb4 {Wells,P (2489)-Houska,J (2418)/Sheffield 2011/CBM 143
Extra/(Martin,A) (1/2, 36)}) 7. Bg2 c5 8. O-O (8. dxc5 {Moiseenko,A (2679)
-Postny,E (2612)/Mulhouse 2011/CBM 142 Extra/(Postny) (1/2, 80)}) 8... cxd4 9.
Nxd4 Bc5 {Mamedyarov,S (2763)-Gashimov,V (2734)/Astrakhan 2010/CBM 137/(Postny)
(1/2, 43)}) 6... Be7 {A rare continuation. It is worth mentioning that Carlsen
had played this line with White.} (6... c5 7. e3 Nc6 8. Be2 dxc4 9. Bxc4 cxd4
10. exd4 Be7 11. O-O O-O 12. Re1 Nb4 13. Ne5 Bd7 14. d5 exd5 15. Nxd5 Nbxd5 16.
Bxd5 Bg4 17. Nxg4 Nxd5 18. Nh6+ Kh8 19. Nf5 Nxf4 20. Rxe7 g6 21. Qxd8 Raxd8 22.
Ne3 $14 {Carlsen,M (2786)-Movsesian,S (2732)/Kallithea 2008/CBM 127/(Krasenkow)
(0-1, 76)}) (6... a5 7. e3 Na6 8. Be2 Be7 9. O-O Nb4 {Carlsen,M (2775)-Kamsky,
G (2723)/Moscow 2008/CBM 126 Extra (1/2, 94)}) 7. e3 Nh5 $146 {The move is new,
but the idea is typical in the 5.Bf4 Queen's Gambit.} (7... O-O) 8. Bd3 Nxf4 9.
exf4 a5 10. O-O Na6 11. Rc1 Nb4 12. b3 O-O 13. Bb1 Bf6 14. Re1 b6 15. cxd5 cxd5
16. Na2 Nxa2 17. Bxa2 Ba6 18. Bb1 g6 19. Bd3 Bxd3 20. Qxd3 Rc8 21. g3 1/2-1/2

[Event "Tata Steel-A 74th"]
[Site "Wijk aan Zee"]
[Date "2012.01.21"]
[Round "7"]
[White "Carlsen, Magnus"]
[Black "Gelfand, Boris"]
[Result "1-0"]
[WhiteElo "2835"]
[BlackElo "2739"]
[Annotator "Postny,E"]
[PlyCount "103"]
[EventDate "2012.01.14"]
[EventType "tourn"]
[EventRounds "13"]
[EventCountry "NED"]
[EventCategory "21"]
[SourceTitle "CBM 147"]
[Source "ChessBase"]
[SourceDate "2012.03.16"]

1. d4 d5 2. c4 c6 3. Nf3 Nf6 4. e3 Bf5 5. Nc3 e6 6. Nh4 Bg6 (6... Be4) ({and} 
6... Bg4 {are also playable, but the move in the text considered as the most
solid one.}) 7. Nxg6 hxg6 8. Bd3 {In this position White can play almost every
legal move, the choice of Magnus is just one of the options.} (8. Bd2 Nbd7 9.
a3 Be7 10. Qc2 O-O 11. Be2 dxc4 12. Bxc4 c5 13. dxc5 Nxc5 14. O-O Rc8 15. Rfd1
Qc7 16. Rac1 Rfd8 17. Be2 Nce4 18. Be1 Nxc3 19. Qxc3 Rxd1 20. Bxd1 Qxc3 21.
Rxc3 Rxc3 22. Bxc3 {+/=/= 1/2-1/2 Carlsen,M (2693)-Anand,V (2786)/Dortmund
2007/CBM 119 (39)}) 8... Nbd7 (8... c5 9. Qb3 Qd7 10. cxd5 exd5 11. dxc5 Bxc5
12. Qb5 (12. O-O $5 Nc6 (12... Bd6 13. f4 $14) 13. Rd1 $14) 12... Qxb5 13. Nxb5
Kd7 14. O-O Nc6 15. Rd1 Ke7 16. Bd2 Bb4 17. Nc3 Rac8 18. Rac1 Rhd8 19. a3 Bd6
20. Ne2 Ne5 {1/2-1/2 Kramnik,V (2744)-Gelfand,B (2724)/Saint Vincent 2005/CBM
110}) 9. O-O Bd6 10. h3 {So far the players have been following their previous
exciting encounter from the Tal Memorial.} dxc4 11. Bxc4 O-O {Boris is the
first to deviate.} (11... Nb6 12. Bb3 e5 13. Qc2 Qe7 14. Bd2 O-O-O 15. d5 (15.
Nb5 {might be an improvement for White trying to eliminate the dangerous
bishop.}) 15... e4 $1 16. dxc6 Qe5 17. f4 exf3 18. Rxf3 Ng4 $1 19. cxb7+ Kb8
20. hxg4 Rh1+ 21. Kf2 Rxa1 22. Ne2 $13 {1-0 Carlsen,M (2826)-Gelfand,B (2744)/
Moscow 2011/EXT 2012 (38)}) 12. Qc2 Qe7 {In general, the position is very
close to equal. In the long term White hopes to benefit from the pair of
bishops. Since none of Black's forces have advanced beyond the sixth rank, the
second player needs more space. For this purpose he may choose between two
main ideas: ..e6-e5 or ...c6-c5 to be carried out at an appropriate moment.}
13. Rd1 Rac8 14. Bd2 (14. e4 $6 {is met by} e5 {and Black gets good play on
the dark squares.}) 14... Nb6 15. Bf1 (15. Bb3 c5 (15... e5 $4 16. Qxg6 $18)
16. dxc5 Rxc5 17. Rac1 Rd8 18. Be1 g5 19. Qe2 a6 {Black has a satisfactory
position.}) 15... e5 (15... c5 16. dxc5 Rxc5 17. Qb3 {keeping slight, but
stable pressure.}) 16. dxe5 Bxe5 (16... Qxe5 {is less accurate. After} 17. g3 {
later on the queen might get kicked away by f2-f4.}) 17. Rac1 Rcd8 18. Be1 {
Now massive exchanges along the d-file will follow. Both sides have no grounds
to avoid them, otherwise the opponent will seize the central line for free.}
Rxd1 19. Rxd1 Rd8 20. Rxd8+ Qxd8 21. g3 (21. Na4 Nxa4 22. Qxa4 a6 (22... Bxb2
23. Qxa7 Qd7 24. Qa8+ Kh7 25. Qa4 Kg8 26. Qb3 Be5 27. a4 $14 {[%cal Gf1c4]})
23. Be2 Qd7 {Black is slightly worse, but has a solid position.}) 21... Qe7 22.
Bg2 Bd6 23. Bd2 Qe6 24. b3 Nbd5 25. Ne2 $1 (25. Nxd5 cxd5 $1 26. Bc3 Ne4 27.
Bd4 a6 {Black doesn't have any problems. His pieces are active enough and he
covers all the squares on the c-file against White's queen invasion.}) 25...
Nb4 26. Qb1 Qf5 $1 27. e4 Qc5 28. Nf4 $6 {I don't think that this is a good
provocation.} (28. Be3 Qa5 29. Qd1 Bf8 30. Nc1 (30. a4 Bc5 $11) 30... Nxa2 31.
Nxa2 Qxa2 32. e5 Nd5 $1 33. Bxd5 cxd5 34. Qxd5 b6 35. e6 Qb1+ 36. Kg2 Qf5 37.
exf7+ Qxf7 $11) 28... g5 $1 {Why not?} 29. Ne2 g4 {This pawn is annoying.} 30.
h4 (30. Be3 Qa5 31. Qd1 Bf8 $132) 30... Nd7 $2 {It's logical to transfer the
knight to e5, but White can now exploit the moment when Black has two pieces
on the d-file. So far Boris has played well, but this mistake ruins all his
efforts.} (30... Be5 $1 31. Be3 Qa5 32. Nc1 Qd8 {[%cal Gd8d1]} 33. Ne2 Qa5 {
The position is equal. If White pushes too hard, then after} 34. a4 Qd8 35.
Bxa7 $6 Qd2 36. Bf1 Nc2 {[%csl Re4] Black seizes the initiative.}) 31. Be3 Qc2
(31... Qa5 32. Qd1 {[%csl Rd6,Rd7] is the point.} Qc7 33. a3 Na6 34. b4 {
This position is extremely unpleasant for Black, perhaps just bad. The knight
on a6 is misplaced, the Pg4 is a target and the manoeuvre Ne2-d4-f5 is in the
air.}) 32. Qxc2 Nxc2 33. Bxa7 {It's a free pawn!} Ba3 (33... Bc5 34. Bxc5 Nxc5
{was an interesting practical chance. Black's knights are very active, though
after} 35. Nc1 {The extra pawn will tell sooner or later.}) (33... b6 34. e5
$18 {[%csl Rc6]}) 34. Nc3 Bb2 35. Nd1 (35. Na4 $6 {is less accurate:} Bd4 36.
Bxd4 Nxd4) 35... Bc1 36. Bf1 Nb4 (36... Ne5 37. Be2 f6 38. Bb8 Nf3+ (38... Nd4
$2 39. Bxe5 Nxe2+ 40. Kf1 fxe5 41. Kxe2 $18) 39. Kg2 Ncd4 40. Bc4+ Kf8 41. Ne3
b5 42. Bd6+ Ke8 43. Bg8 $18) 37. a4 Nf6 38. e5 Nd7 39. Bd4 Nc2 40. Bc3 Nc5 41.
Be2 {[%csl Rg4]} Ne4 (41... Nxb3 42. Bxg4 $18) 42. Bxg4 Nxc3 43. Nxc3 Bb2 44.
e6 $1 fxe6 45. Bxe6+ Kf8 46. Ne4 {Two extra pawns promise White an easy win.}
Nd4 47. Ng5 Ke7 48. Bg8 Kf8 49. Bc4 Ke7 50. Kg2 b5 51. Bg8 Kf8 52. a5 $1 {
[%csl Ga5]} 1-0